Top Gear Presenters - Statistics

General Stats
  • This quiz has been taken 302 times
    85 since last reset
  • The average score is 7 of 12
Answer Stats
Years on Show Host's Name % Correct
2002-15 Jeremy Clarkson
99%
2003-15 James May
96%
2002-15 Richard Hammond
94%
2016-2019 Matt Le Blanc
71%
2016-2022 Chris Harris
55%
2019-2022 Paddy McGuinness
54%
2019-2022 Andrew Flintoff
53%
2016 Chris Evans
53%
2016-2019 Rory Reid
38%
2002 Jason Dawe
36%
2016-2021 Sabine Schmitz
33%
2016 Eddie Jordan
32%
No matching quizzes found
Score Distribution
Percent of People with Each Score
Percentile by Number Answered
Your Score History
You have not taken this quiz since the last reset